| 000 | 00475ntaaa2200181 4500 | ||
|---|---|---|---|
| 003 | 01 | ||
| 005 | 20251027202609.0 | ||
| 008 | 0714s1973 ag 01 | ||
| 040 |
_aAR-BaBN _bspa _cAR-BaBN _eaacr _dRIC |
||
| 082 | _a324.2820 M56i | ||
| 100 |
_aMethol Ferre, Alberto _925130 |
||
| 245 | _aLa izquierda nacional en la Argentina | ||
| 250 | _a1 ed. | ||
| 260 |
_aBuenos Aires : _bCoyoacan, _cs.f. |
||
| 300 |
_a78 p ; _c18 cm |
||
| 650 |
_aPolitica-Argentina _925131 |
||
| 942 | _cBK | ||
| 999 |
_c21056 _d21056 |
||